History of political thought: From antiquity to the present (Record no. 313916)

MARC details
000 -LEADER
fixed length control field 00502nam a22001817a 4500
005 - DATE & TIME
control field 20240125113307.0
008 - FIXED-LENGTH DATA ELEMENTS--GENERAL INFORMATION
fixed length control field 240125b |||||||| |||| 00| 0 eng d
020 ## - ISBN
International Standard Book Number 9788131606766
Price Rs. 1295.00
040 ## - CATALOGING SOURCE
Original cataloging agency VIVEKANANDA LIBRARY
082 ## - DDC NUMBER
Classification number 320.509
Book Number H117H
100 ## - MAIN ENTRY--PERSONAL NAME
Personal name Haddock, Bruce
245 ## - TITLE STATEMENT
Title History of political thought: From antiquity to the present
260 ## - PUBLICATION, DISTRIBUTION, ETC. (IMPRINT)
Place of publication, distribution, etc Jaipur
Name of publisher, distributor, etc Rawat Publications
Date of publication, distribution, etc 2015
300 ## - PHYSICAL DESCRIPTION
Pages xii, 330
650 ## - Subject
Subject Political Science
650 ## - Subject
Subject Political Thought
942 ## - ADDED ENTRY ELEMENTS (KOHA)
Koha item type Books
Holdings
Withdrawn status Lost status Source of classification or shelving scheme Damaged status Not for loan Location (home branch) Sublocation or collection (holding branch) Date acquired Koha issues (times borrowed) Koha full call number Accession No. Koha date last seen Koha item type
    Dewey Decimal Classification     VIVEKANANDA LIBRARY VIVEKANANDA LIBRARY 25/01/2024   320.509 H117H 404478 25/01/2024 Books
© Designed and Maintained by Vivekananda Library, MDU Rohtak